01024pab a2200169 454500008004000000100001600040245005600056260000900112300001600121362001100137520052400148650001600672773003400688909001000722999001700732952010500749180718b2002 xxu||||| |||| 00| 0 eng d aBreman, Jan aCommunal upheaval as resurgence of social Darwinism c2002 ap.1485-488. a20 Apr aThere can be no two opinions about the well-entrenched nature of the Hindutva movement and its predecessors in Gujarat, strongly opposed to communal harmony and to the design of society as a melting pot of diverse and open-ended social segments. However, this explanation of the recent tragic events in the state has to be contextualised within the changing political economic of Gujarat. The comments that follow relate to Ahmedabad, the primary location of many of the horrors that have been reported. - Reproduced. aCommunalism aEconomic and Political Weekly a52078 c52078d52078 00104070aIIPAbIIPAd2018-07-19hVolume no: 37, Issue no: 16pAR52508r2018-07-19w2018-07-19yAR